| 000 | 00801cam a22002535a 4500 | ||
|---|---|---|---|
| 001 | 12836753 | ||
| 005 | 20160329113235.0 | ||
| 008 | 020628t2003 njua frb 001 0 eng d | ||
| 020 | _a0471321710 | ||
| 020 | _a9780471321712 | ||
| 040 |
_aDLC _cDLC _dDLC _dDLC _dEG-ScBUE _beng |
||
| 082 | 0 | 4 |
_a621.4025 _222 _bSHA |
| 100 | 1 |
_aKhan, Shah Rukh, _935170 _d1965- |
|
| 245 | 1 | 0 |
_aFundamentals of heat exchanger design / _cRamesh K. Shah, Dusan P. Sekulic. |
| 260 |
_aHoboken : _bJohn Wiley & Sons, _cc.2003. |
||
| 300 |
_axxxii, 941 p. : _bill. ; _c24 cm. |
||
| 500 | _aIndex : p. 931-941. | ||
| 504 | _aBibliography : p. 926-930. | ||
| 650 | 7 |
_2BUEsh _937996 _aHeat exchangers _xDesign and construction. |
|
| 651 | _2BUEsh | ||
| 653 |
_bENGMEC _cMarch2016 |
||
| 700 | 1 | _aSekulic, Dusan P. | |
| 942 | _2ddc | ||
| 999 |
_c21539 _d21511 |
||